Mediace ve firemní praxi

Mediácia ako alternatívny spôsob riešenia sporov mimosúdnou cestou. Strany zapojené do riešenia konfliktu a hľadania vzájomnej dohody. Charakteristika mediátora. Využitie mediácie. Príklad z praxe. Základné princípy pre prácu mediátora.

Salvato in:
Dettagli Bibliografici
Autore principale: Bartovská, Ilona
Natura: Capitolo di libro
Lingua:ceco
Soggetti:
Tags: Aggiungi Tag
Nessun Tag, puoi essere il primo ad aggiungerne!!

MARC

LEADER 00000naa a2200000 4500
001 0220023
005 20160628130355.0
041 0 |a cze 
044 |a CZ 
245 1 0 |a Mediace ve firemní praxi  |c Ilona Bartovská 
520 |a Mediácia ako alternatívny spôsob riešenia sporov mimosúdnou cestou. Strany zapojené do riešenia konfliktu a hľadania vzájomnej dohody. Charakteristika mediátora. Využitie mediácie. Príklad z praxe. Základné princípy pre prácu mediátora. 
610 2 0 |a mediácia 
610 2 0 |a mediátori 
610 2 0 |a legislatíva 
610 2 0 |a firmy 
610 2 0 |a vzťahy pracovné 
610 2 0 |a vzťahy obchodné 
610 2 0 |a konflikty 
100 1 |a Bartovská, Ilona